| 000 | 00804nam a22002537a 4500 | ||
|---|---|---|---|
| 001 | 29808 | ||
| 003 | BD-RjUL | ||
| 005 | 20211209051450.0 | ||
| 008 | 140407r19721968enka 001 0 eng d | ||
| 020 | _a0416112706 | ||
| 035 | _a(BD-RjUL)29893 | ||
| 040 |
_aBD-RjUL _beng _cBD-RjUL |
||
| 041 | _aeng | ||
| 082 |
_a151 _bBUH 1972 |
||
| 100 | 1 |
_aButcher, H. J. _q(Harold John ) _990731 |
|
| 245 |
_aHuman intelligence : _bits nature and assessment / _cHarold John Butcher |
||
| 260 |
_aLondon : _bMethuen, _cc1968 [Reprinted 1972]. |
||
| 300 |
_a343 p. : _bill. ; _c23 cm. |
||
| 490 | 1 | _aMethuen's manuals of modern psychology | |
| 500 | _a"Distributed in the U.S.A. by Barnes & Noble." | ||
| 504 | _aIncludes bibliographical references and indexes. | ||
| 650 | 0 |
_aIntellect _9395 |
|
| 942 |
_2ddc _cBK _01 |
||
| 999 |
_c29808 _d29808 |
||